El grande iio de David, Cristo... : (Record no. 184095)

MARC details
000 -LEADER
campo de control de longitud fija 01355nam a2200277 i 4500
001 - NÚMERO DE CONTROL
campo de control 184095
003 - IDENTIFICADOR DE NÚMERO DE CONTROL
campo de control ES-MaACL
005 - FECHA Y HORA DE LA ÚLTIMA TRANSACCIÓN
campo de control 20250830020107.0
008 - DATOS DE LONGITUD FIJA--INFORMACIÓN GENERAL
campo de control de longitud fija 150316s1673 sp |||| | spa d
100 1# - ENTRADA PRINCIPAL--NOMBRE DE PERSONA
Nombre de persona Lorea, Antonio de,
Fechas asociadas al nombre 1635-1687
Término indicativo de función/relación Autor
9 (RLIN) 156562
245 13 - MENCIÓN DEL TÍTULO
Título El grande iio de David, Cristo... :
Resto del título istoria evangelica, moral, politica, y predicable, adornada con raros exemplos, y prodigiosos casos... /
Mención de responsabilidad, etc. compuesta por el padre presentado fray Antonio de Lorea, de la Orden de Predicadores ; dada a la estampa por ... D. Bernardo de Lorea Amescua ... ; tomo primero.
260 ## - PUBLICACIÓN, DISTRIBUCIÓN, ETC.
Lugar de publicación, distribución, etc. Madrid :
Nombre del editor, distribuidor, etc. por Francisco Sanz : a costa de Gabriel de Leon,
Fecha de publicación, distribución, etc. 1673.
300 ## - DESCRIPCIÓN FÍSICA
Extensión [12], 367, [8] páginas ;
Dimensiones 19 cm.
530 ## - NOTA DISPONIBLE DE FORMULARIO FÍSICO ADICIONAL
Nota de formato físico adicional disponible Disponible en formato digital
596 ## - NOTA AL PIE DE IMPRENTA
NOTA AL PIE DE IMPRENTA Marca tipográfica del editor en portada
597 ## - NOTA DE DESCRIPCIÓN FÍSICA
NOTA DE DESCRIPCIÓN FÍSICA Portada orlada
597 ## - NOTA DE DESCRIPCIÓN FÍSICA
NOTA DE DESCRIPCIÓN FÍSICA Texto a dos col.
650 07 - PUNTO DE ACCESO ADICIONAL DE MATERIA--TÉRMINO DE MATERIA
Término de materia o nombre geográfico como elemento de entrada Teología dogmática
Fuente del encabezamiento o término embne
9 (RLIN) 17468
650 04 - PUNTO DE ACCESO ADICIONAL DE MATERIA--TÉRMINO DE MATERIA
Término de materia o nombre geográfico como elemento de entrada Cristología.
9 (RLIN) 11443
700 1# - ENTRADA AGREGADA--NOMBRE PERSONAL
Nombre de persona Lorea Amescua, Bernardo de
Término indicativo de función/relación Colaborador
9 (RLIN) 156563
852 ## - LOCALIZACIÓN
Ubicación ES-MaACL
Ubicación en estantería Depósito
Donativo/Legado Donativo de Segismundo Román González
Número de control de estantería Armario 18
Encuadernación Pergamino
856 ## - LOCALIZACIÓN Y ACCESO ELECTRÓNICOS
Identificador Uniforme de Recursos <a href="https://bvpb.mcu.es/es/consulta/registro.do?id=577751">https://bvpb.mcu.es/es/consulta/registro.do?id=577751</a>
Texto de enlace Versión en línea
Nota pública (Biblioteca Virtual del Patrimonio Bibliográfico)
942 ## - ELEMENTOS DE ENTRADA SECUNDARIOS (KOHA)
Fuente del sistema de clasificación o colocación Clasificación decimal universal
Tipo de ítem Koha Libro impreso antiguo
Suprimir en OPAC No
Holdings
Estatus retirado Estado de pérdida Fuente del sistema de clasificación o colocación Estado de daño No para préstamo Colección Biblioteca de origen Biblioteca actual Ubicación en estantería Fecha de adquisición Fuente de adquisición Total de préstamos Signatura topográfica completa Código de barras Visto por última vez Tipo de ítem Koha
    Clasificación decimal universal     Colección digital Biblioteca del Ateneo de Madrid Biblioteca del Ateneo de Madrid Depósito 16/03/2015 Donación   Armario 18 1193607 23/02/2023 Libro impreso antiguo